000 00603nam a2200229Ia 4500
005 20250508164511.0
008 008 250505s9999 xx 000 0 eng d
020 _a0-19-562803-9
037 _aTextual
040 _aFEDL
_beng
_cFEDL
041 _aeng
_2eng
084 _a330, CHA
_qFEDL
100 _aChakravarty Sukhamoy
245 0 _aSelected economic writings
260 _aDelhi, India
_bOxford University Press
_c1993
300 _axxiii,591p.
365 _aINR
_b550
546 _aMACESE
650 _aEconomics
942 _cTEXL
_h330, CHA
999 _c1389435
_d1389435